Statistics for Movie Set Cities

Click here to take the quiz!

General Stats

  • This quiz has been taken 470 times
    (464 since last reset)
  • The average score is 13 of 24

Answer Stats

FilmCity% Correct
Ocean's 11Las Vegas
94%
Sherlock HolmesLondon
93%
RockyPhiladelphia
78%
Slumdog MillionaireMumbai
76%
Lost in TranslationTokyo
75%
RoboCopDetroit
73%
TakenParis
71%
The Hangover Part IIBangkok
68%
The DepartedBoston
68%
Vicky Cristina _______Barcelona
63%
Olympus Has FallenWashington DC
61%
CrashLos Angeles
56%
ArgoTehran
55%
City of GodRio de Janeiro
52%
District 9Johannesburg
50%
The Pursuit of HappynessSan Francisco
47%
Black Hawk DownMogadishu
46%
In B_____Bruges
43%
Che Part IHavana
38%
DownfallBerlin
36%
Green ZoneBaghdad
33%
The Adjustment BureauNew York
30%
Source CodeChicago
22%
12 RoundsNew Orleans
6%

Score Distribution

Percentile by Number Answered

Percent of People with Each Score

Your Score History

You have not taken this quiz since the last reset